Chicago Bears Championships - Statistics

General Stats
  • This quiz has been taken 19 times
  • The average score is 7 of 9
Answer Stats
Hint Answer % Correct
#9 1985
100%
#2 1932
71%
#3 1933
71%
#4 1940
71%
#5 1941
71%
#6 1943
71%
#7 1946
71%
#1 1921
64%
#8 1963
64%
No matching quizzes found
Score Distribution
Percent of People with Each Score
Percentile by Number Answered
Your Score History
You have not taken this quiz